| 000 | 01933nam0a2200289 i 4500 | ||
|---|---|---|---|
| 001 | RU\NLR\BIBL_A\010201123 | ||
| 005 | 20240921124317.0 | ||
| 010 |
_a9785799609498 _9100 |
||
| 021 |
_aRU _b2014-1193 _970 |
||
| 035 | _a(NILC)RuMoRGB-006730747 | ||
| 035 | _a(NLR Aleph) 010201123 | ||
| 090 |
_a10244296 _c10244296 |
||
| 100 | _a20140306d2013 u y0rusy50 ca | ||
| 101 | 0 | _arus | |
| 102 | _aRU | ||
| 105 | _aa|||j|||000zy | ||
| 200 | 1 |
_aОбработка радиолокационных данных дистанционного зондирования Земли _eлабораторный практикум _eучебно-методическое пособие для студентов, обучающихся по программам бакалавриата и магистратуры по направлению подготовки 210400 "Радиотехника" и по специальности 210601 "Радиоэлектронные системы и комплексы" _fВ. Г. Коберниченко, О. Ю. Иванов, А. В. Сосновский _g[под общ. ред. В. Г. Коберниченко] _gМ-во образования и науки Российской Федерации, Уральский федеральный ун-т им. первого Президента России Б. Н. |
|
| 210 |
_aЕкатеринбург _cУральский федеральный ун-т _d2013 |
||
| 215 |
_a63 с. _cил. _d20 |
||
| 700 | 1 |
_aКоберниченко _bВ. Г. _gВиктор Григорьевич |
|
| 701 | 1 |
_7ca _8rus _aИванов _bО. Ю. _cканд. техн. наук, радиотехника _gОлег Юрьевич _9245198 _3RU\NLR\AUTH\770245254 |
|
| 701 | 1 |
_aСосновский _bА. В. _gАндрей Васильевич |
|
| 801 | 0 |
_aRU _bРГБ _c20140131 _gRCR |
|
| 801 | 2 |
_aRU _bРГБ _c20140207 _grcr |
|
| 942 | _cBOOK | ||
| 980 | _aNBR | ||